00496nam a22001337a 4500003000900000005001700009008004100026040001300067100003600080245005800116260006200174300001000236500011600246IT-RoPau20220918181220.0140523b xxu||||| |||| 00| 0 eng d cIT-RoPau aPie Discepole del Divin Maestro aDonne del VangelobLe Pie Discepole del Divin Maestro aRomabCongregazione delle Pie Discepole del Divin Maestro c20 cm aDonne del Vangelo. Le Pie Discepole del Divin Maestro. Durata: 30 minuti ca. Nova T. Tutti i diritti riservati